Kolory w Among Us. - Statystyki

Ogólne statystyki
  • Ten quiz został rozwiązany 77 razy
  • Średni wynik to 12 z 18
Statystyki odpowiedzi
Kolor % Poprawnych
Niebieski
96%
Czerwony
94%
Zielony
94%
Czarny
90%
Różowy
90%
Żółty
87%
Biały
85%
Fioletowy
85%
Pomarańczowy
85%
Szary
77%
Brązowy
73%
Limonkowy
38%
Bordowy
37%
Cyjanowy
37%
Bananowy
31%
Koralowy
27%
Różany
17%
Beżowy
8%
Nie znaleziono quizów pasujących do podanych kryteriów
Rozkład punktacji
Procent ludzi z każdym wynikiem
Percentyl według liczby udzielonych odpowiedzi
Twoja historia wyników
Nie rozwiązałeś tego quizu